Pompeia o dia em que a cidade foi soterrada (Registo nº 4095)

Detalhes MARC
000 -Etiqueta do registo
Cabeçalho 00644nam a2200229 4500
005 - Identificador da versão
Campo de controlo 20240813122052.0
010 ## - Número internacional normalizado dos livros (ISBN)
Número (ISBN) 9722615807
100 ## - Dados gerais de processamento
Dados gerais de processamento 20010308d1999 a y0pory5003 ba
102 ## - Pais de publicação ou produção
País de publicação Portugal
101 1# - Língua de publicação
Língua do texto, banda sonora, etc. Português
Língua do documento no original Inglês
215 ## - Descrição física 
Indicação específica da natureza do documento e extensão da espécie 48p
Outras indicações físicas il
Dimensões 28cm
200 1# - Titulo e menção de responsabilidade
Título próprio Pompeia o dia em que a cidade foi soterrada
Primeira menção de responsabilidade Melanie Rice e Christopher Rice
Outras menções de responsabilidade tradução de Marlene Campos
225 1# - Colecção 
Título próprio da colecção Descobrir
Indicação de volume 1
210 ## - Publicação, Distribuição, etc. 
Lugar da edição, distribuição, etc. [Porto]
Nome do editor, distribuidor, etc. Civilização
Data da publicação, distribuição, etc. 1999
675 ## - Classificação Decimal Universal (CDU)
Notação 931
Edição 2
Língua da edição por
701 #1 - Nome de autor-pessoa física (co-responsabilidade principal)
Palavra de ordem Rice
Outra parte do nome não tomada para palavra de ordem Christopher
Código de função Autor / Co-autor
700 #1 - Nome de autor-pessoa física (responsabilidade principal)
Número de registo de entrada de autoridade 0000674
Palavra de ordem Rice
Outra parte do nome não tomada para palavra de ordem Melanie
942 ## - Elementos de entrada adicionados (Koha)
Tipo de item no Koha Livro
Exemplares
Situação do levantamento Origin of item (home branch) (coded) Biblioteca de empréstimo Código de barras Cota Circulation type (not for loan) Tipo de documento Nota do exemplar Damaged status
  Biblioteca Escolar das Vendas Biblioteca Escolar das Vendas BEV829 9UNI RIC   Livro Sem mensagem